000 00620nam a2200241Ia 4500
003 OSt
005 20220912145004.0
006 a|||||r|||| 00| 0
007 ta
008 220909b |||||||| |||| 00| 0 eng d
024 _a70324
037 _cTextual
040 _aCSL
_beng
_cCSL
041 _aeng
082 _aB311, L5;2
100 _aMarchuk G I
245 0 _aMethods of numerical mathematics
260 _aNew York
_bSpringer-Verlag
_c1975
300 _aviii, 316p.
_ccm.
650 _aNumerical analysis
942 _hB311, L5;2
_cTEXL
_2CC
999 _c20270
_d20270